000 00319nam a22001337a 4500
008 170524b xxu||||| |||| 00| 0 eng d
020 _a9790849325303
041 _aeng
080 _a62
100 _a26
101 _aIM
245 _aTHE HANDBOOK OF SOFTWARE FOR ENGINEERS AND SCIENTISTS
_cROSS,P.W
942 _2udc
_cBK
999 _c14004
_d14004